Statistics for Top 10 Books found in Most Libraries

Click here to take the quiz!

General Stats

  • This quiz has been taken 118 times
    (95 since last reset)
  • The average score is 2 of 10

Answer Stats

#Book% Correct
1The Bible
98%
8Lord of the Rings Trilogy
27%
9Hamlet
21%
6The Iliad
7%
5The Odyssey
7%
7Huckleberry Finn
4%
4Divine Comedy
2%
10Alice's Adventures in Wonderland
0%
3Mother Goose
0%
2US Census
0%

Score Distribution

Percentile by Number Answered

Percent of People with Each Score

Your Score History

You have not taken this quiz since the last reset